Statistiken für Pünktchen und Anton - Kapitel 7 und 8

Klicken Sie hier um das Quiz zu spielen!

Allgemein

  • Dieses Quiz wurde 85 mal gespielt
  • Das Durchschnittsergebnis liegt bei 5 aus 9

Antwortstatistiken

FrageAntwort% Korrekt
Wer geht mit Pünktchen und Anton ins Automatenrestaurant?Fräulein Andacht
82%
Frau Andacht hat "einen mittelgroßen" Schwips". Was heißt das?Sie hat zu viel Kognak getrunken.
72%
Was möchte Pünktchen im Automatenrestaurant am liebsten bestellen?Apfelsinen mit Schlagsahne
68%
Wovon berichtet Pünktchen Herrn Bremser nicht?Dass Anton nachts Schnürsenkel verkauft.
62%
Wer ist Herr Hollack?Pünktchens Fahrer.
57%
Welches Problem hat Anton mit seinem Lehrer, Herrn Bremser, nicht?Er hat blonde Haare, was Herrn Bremser missfällt.
53%
In seiner Nachdenkerei "Vom Ernst des Lebens" berichtet Erich Kästner vom...Jahrmarkt in Rostock.
48%
Anton hat große Geldsorgen. Welches "Luxusessen" würde er gerne wieder essen?Leberwurst
48%
In der Nachdenkerei heißt es "von der Freundschaft": "Die (Freundschafts)Tat ist der ..."Lohn
37%

Verteilung der Resultate

Perzentil nach korrekt beantworteten Fragen

Anzahl Personen mit jedem Resultat

Ihre Resultats-Entwicklung

Sie haben dieses Quiz noch nicht gespielt